[Event "ITA-ch U20"]
[Site "Tarvisio"]
[Date "2023.07.07"]
[Round "7"]
[White "Dilena, Giuseppe"]
[Black "Pin, Orlando"]
[Result "1/2-1/2"]
[WhiteElo "1494"]
[BlackElo "1781"]
[PlyCount "38"]
[EventDate "2023.07.02"]
[EventType "swiss"]
[EventRounds "9"]
[EventCountry "ITA"]
[SourceTitle "EXT 2024"]
[Source "ChessBase"]
[SourceDate "2023.10.10"]
[SourceVersion "1"]
[SourceVersionDate "2023.10.10"]
[SourceQuality "1"]

1. d4 d5 2. Nf3 Nf6 3. Bf4 c5 4. e3 Nc6 5. c3 Qb6 6. Qc2 Bf5 7. dxc5 Bxc2 8. cxb6 axb6 9. Na3 Bg6 10. Nb5 Rc8 11. Be2 e6 12. 0-0 Be7 13. Nc7+ Kd7 14. Nb5 Rhd8 15. h3 Ke8 16. Bc7 Rd7 17. Bxb6 Ne4 18. a4 Bh5 19. g4 Bg6 1/2-1/2

[Event "ITA-ch U20"]
[Site "Tarvisio"]
[Date "2023.07.05"]
[Round "4"]
[White "Pin, Orlando"]
[Black "Carlino, Alessandro"]
[Result "0-1"]
[WhiteElo "1781"]
[BlackElo "1426"]
[PlyCount "64"]
[EventDate "2023.07.02"]
[EventType "swiss"]
[EventRounds "9"]
[EventCountry "ITA"]
[SourceTitle "EXT 2024"]
[Source "ChessBase"]
[SourceDate "2023.10.10"]
[SourceVersion "1"]
[SourceVersionDate "2023.10.10"]
[SourceQuality "1"]

1. e4 c5 2. Nf3 d6 3. d4 cxd4 4. Nxd4 Nf6 5. Nc3 Nc6 6. Be3 Ng4 7. Bb5 Nxe3 8. fxe3 Bd7 9. 0-0 Ne5 10. Bxd7+ Qxd7 11. Nf3 Ng4 12. Qe2 g6 13. h3 Nf6 14. Rad1 Qc7 15. Nd5 Nxd5 16. exd5 Bg7 17. c3 0-0 18. Nd4 Qa5 19. Qc4 Rac8 20. Qb3 Rc7 21. Rf3 a6 22. Rdf1 Qc5 23. Kh1 Qc4 24. Qb6 Rd7 25. e4 Qxa2 26. e5 Qxd5 27. Rxf7 Rxf7 28. Rxf7 Qxf7 29. e6 Qf1+ 30. Kh2 Be5+ 31. g3 Qf2+ 32. Kh1 Bxg3 0-1

[Event "Cattolica op-B 8th"]
[Site "Cattolica"]
[Date "2021.06.01"]
[Round "6"]
[White "Buratti, Ettore"]
[Black "Pin, Orlando"]
[Result "1/2-1/2"]
[WhiteElo "1653"]
[BlackElo "1491"]
[PlyCount "64"]
[EventDate "2021.05.27"]
[EventType "swiss"]
[EventRounds "7"]
[EventCountry "ITA"]
[SourceTitle "CBM 203 Extra"]
[Source "ChessBase"]
[SourceDate "2021.09.30"]
[SourceVersion "1"]
[SourceVersionDate "2021.09.30"]
[SourceQuality "1"]

1. e4 e5 2. Nf3 Nc6 3. Bb5 Nge7 4. 0-0 g6 5. Nc3 Bg7 6. d3 h6 7. Be3 0-0 8. h3 a6 9. Bc4 b5 10. Bb3 Nd4 11. Bxd4 exd4 12. Nd5 Bb7 13. Nxe7+ Qxe7 14. Qd2 Rad8 15. c3 dxc3 16. bxc3 d5 17. e5 d4 18. Rfe1 Rfe8 19. cxd4 Bxf3 20. gxf3 Qg5+ 21. Qxg5 hxg5 22. e6 fxe6 23. Rxe6 Rxe6 24. Bxe6+ Kf8 25. Rc1 Bxd4 26. Rxc7 Be5 27. Ra7 Rxd3 28. Rxa6 Rxf3 29. Kg2 Rf4 30. Rc6 b4 31. Bb3 g4 32. hxg4 Rxg4+ 1/2-1/2

[Event "Cattolica op-B 8th"]
[Site "Cattolica"]
[Date "2021.05.29"]
[Round "3"]
[White "Pin, Orlando"]
[Black "Rinaldi, Mario"]
[Result "1/2-1/2"]
[WhiteElo "1491"]
[BlackElo "1403"]
[PlyCount "95"]
[EventDate "2021.05.27"]
[EventType "swiss"]
[EventRounds "7"]
[EventCountry "ITA"]
[SourceTitle "CBM 203 Extra"]
[Source "ChessBase"]
[SourceDate "2021.09.30"]
[SourceVersion "1"]
[SourceVersionDate "2021.09.30"]
[SourceQuality "1"]

1. e4 c5 2. Nf3 Nc6 3. d4 cxd4 4. Nxd4 g6 5. c4 Bg7 6. Be3 d6 7. Be2 Nf6 8. Nc3 0-0 9. 0-0 Bd7 10. Qd2 Qc8 11. f3 Ne5 12. b3 a6 13. Rac1 Be8 14. Nd5 Nxd5 15. cxd5 Qd8 16. f4 Nd7 17. f5 Ne5 18. Bh6 Qb6 19. Bxg7 Kxg7 20. Qe3 Qa5 21. fxg6 hxg6 22. Qg5 Qb6 23. Qe3 Qd8 24. Qf2 Bd7 25. Kh1 Rc8 26. Qg3 Rxc1 27. Rxc1 Qb6 28. Qe3 Qa5 29. a4 Qb4 30. Nf3 Ng4 31. Qc3+ Qxc3 32. Rxc3 Nf2+ 33. Kg1 Nxe4 34. Re3 f5 35. Bd3 Kf6 36. Bxe4 fxe4 37. Rxe4 Bf5 38. Rb4 Rb8 39. Kf2 a5 40. Rb6 Be4 41. Rb5 b6 42. Ke3 Bxf3 43. gxf3 e5 44. dxe6 Kxe6 45. b4 axb4 46. Rxb4 Kd5 47. a5 Re8+ 48. Re4 1/2-1/2

[Event "Cattolica op-B 8th"]
[Site "Cattolica"]
[Date "2021.05.28"]
[Round "2"]
[White "Glover, Sharon"]
[Black "Pin, Orlando"]
[Result "1-0"]
[WhiteElo "1673"]
[BlackElo "1491"]
[PlyCount "67"]
[EventDate "2021.05.27"]
[EventType "swiss"]
[EventRounds "7"]
[EventCountry "ITA"]
[SourceTitle "CBM 203 Extra"]
[Source "ChessBase"]
[SourceDate "2021.09.30"]
[SourceVersion "1"]
[SourceVersionDate "2021.09.30"]
[SourceQuality "1"]

1. d4 d5 2. c4 e6 3. Nc3 Be7 4. Nf3 Nf6 5. Bf4 0-0 6. e3 c5 7. cxd5 Nxd5 8. Nxd5 Qxd5 9. a3 Nc6 10. dxc5 Qxc5 11. Rc1 Qa5+ 12. Qd2 Qxd2+ 13. Nxd2 e5 14. Bg3 f5 15. Bc4+ Kh8 16. h3 f4 17. exf4 exf4 18. Bh2 Ne5 19. 0-0 Nxc4 20. Rxc4 f3 21. Nxf3 Bxh3 22. Re1 Bd8 23. Bd6 Ba5 24. Bxf8 Bxe1 25. Nxe1 Bxg2 26. Bxg7+ Kxg7 27. Nxg2 Kg6 28. Nf4+ Kf5 29. Nd5 h5 30. Ne3+ Kg5 31. f4+ Kf6 32. Rc7 Rh8 33. Rxb7 h4 34. Rxa7 1-0

[Event "Mestre Sheraton op-B 1st"]
[Site "Mestre"]
[Date "2021.02.28"]
[Round "4"]
[White "Pin, Orlando"]
[Black "Franchin, Matteo"]
[Result "1-0"]
[WhiteElo "1508"]
[BlackElo "1444"]
[PlyCount "47"]
[EventDate "2021.02.26"]
[EventType "swiss"]
[EventRounds "5"]
[EventCountry "ITA"]
[SourceTitle "EXT 2023"]
[Source "ChessBase"]
[SourceDate "2022.10.05"]
[SourceVersion "1"]
[SourceVersionDate "2022.10.05"]
[SourceQuality "1"]

1. e4 c5 2. Nf3 Nc6 3. d4 cxd4 4. Nxd4 e5 5. Nb5 d6 6. c4 a6 7. N5a3 Be7 8. Nc3 Nf6 9. Bg5 0-0 10. Bxf6 Bxf6 11. Nd5 Be7 12. Nc2 Be6 13. h4 Nb8 14. g3 Nd7 15. Nce3 Nf6 16. Bg2 Rc8 17. b3 Rb8 18. 0-0 b5 19. Rb1 Qd7 20. Nxf6+ Bxf6 21. Nd5 Be7 22. Qe2 b4 23. Rfd1 Rfe8 24. c5 1-0